Planet earth : (Record no. 5519)

MARC details
000 -LEADER
fixed length control field 01053nam a22002897a 4500
001 - CONTROL NUMBER
control field 5519
003 - CONTROL NUMBER IDENTIFIER
control field FISKH
005 - DATE AND TIME OF LATEST TRANSACTION
control field 20241216123316.0
008 - FIXED-LENGTH DATA ELEMENTS--GENERAL INFORMATION
fixed length control field 241216b cb ||||| |||| 00| 0 eng d
020 ## - INTERNATIONAL STANDARD BOOK NUMBER
International Standard Book Number 9780545080804
040 ## - CATALOGING SOURCE
Original cataloging agency FISKH
Language of cataloging eng
Transcribing agency FISKH
Modifying agency FISKH
050 ## - LIBRARY OF CONGRESS CALL NUMBER
Classification number QL100.W47
082 ## - DEWEY DECIMAL CLASSIFICATION NUMBER
Classification number 591.53
100 ## - MAIN ENTRY--PERSONAL NAME
Personal name West, Tracey
245 ## - TITLE STATEMENT
Title Planet earth :
Remainder of title animals and their prey /
Statement of responsibility, etc. by Tracey West
250 ## - EDITION STATEMENT
Edition statement First printing, September 2008
260 ## - PUBLICATION, DISTRIBUTION, ETC.
Place of publication, distribution, etc. New York :
Name of publisher, distributor, etc. Scholastic ;
Date of publication, distribution, etc. 1996 .
300 ## - PHYSICAL DESCRIPTION
Extent 46 pages :
Other physical details illustrations ;
Dimensions 26 cm .
505 ## - FORMATTED CONTENTS NOTE
Formatted contents note S <br/>
520 ## - SUMMARY, ETC.
Summary, etc. "Get up close with some of the earth's wildest and most deadly predators. Planet Earth takes you to never-before-seen places to glimpse some of the world's most dangerous -- and unusual -- creatures. Get ready for a wild ride with Planet Earth"--Back cover.
521 8# - TARGET AUDIENCE NOTE
Target audience note 790 <br/>
Source Lexile estimate <br/>
521 8# - TARGET AUDIENCE NOTE
Target audience note S <br/>
Source Raz-Plus <br/>
650 ## - SUBJECT ADDED ENTRY--TOPICAL TERM
Topical term or geographic name entry element informational
Form subdivision Non-fiction
700 ## - ADDED ENTRY--PERSONAL NAME
Personal name Massen, Michael
Relator term Designer
942 ## - ADDED ENTRY ELEMENTS (KOHA)
Source of classification or shelving scheme Dewey Decimal Classification
Koha item type Books
Suppress in OPAC No
Holdings
Withdrawn status Lost status Source of classification or shelving scheme Damaged status Not for loan Collection Home library Current library Shelving location Date acquired Total Checkouts Full call number Barcode Date last seen Price effective from Koha item type
    Dewey Decimal Classification     Non-Fiction Footprints International School Library Network Toul Kork Campus Footprints International School Library Network Toul Kork Campus TTP Secondary Non-Fiction Bookshelves 12/16/2024   WES 591.53 QL100.W47 FIS01398 12/16/2024 12/16/2024 Books